Management of artificial lakes and ponds. (Record no. 16246)

000 -LEADER
fixed length control field 00555cam a22001811 4500
040 ## - CATALOGING SOURCE
Transcribing agency DLC
082 00 - DEWEY DECIMAL CLASSIFICATION NUMBER
Classification number 639 REI 1962 A105 Or.
100 1# - MAIN ENTRY--AUTHOR NAME
Personal name Bennett, George W.
245 10 - TITLE STATEMENT
Title Management of artificial lakes and ponds.
260 ## - PUBLICATION, DISTRIBUTION, ETC. (IMPRINT)
Place of publication New York,
Name of publisher Reinhold Pub. Corp.
Year of publication [1962]
300 ## - PHYSICAL DESCRIPTION
Number of Pages 283 p.
Other physical details illus.
Dimensions 24 cm.
490 0# - SERIES STATEMENT
Series statement Reinhold books in the biological sciences
500 ## - GENERAL NOTE
General note Rev. ed. published as: Management of lakes and ponds. 2nd ed. 1971.
650 #0 - SUBJECT ADDED ENTRY--TOPICAL TERM
Topical Term Fishery management.
650 #0 - SUBJECT ADDED ENTRY--TOPICAL TERM
Topical Term Fish-culture.
650 #0 - SUBJECT ADDED ENTRY--TOPICAL TERM
Topical Term Fish ponds.
942 ## - ADDED ENTRY ELEMENTS (KOHA)
Koha item type សៀវភៅភាសាអង់គ្លេស
952 ## - LOCATION AND ITEM INFORMATION (KOHA)
Withdrawn status [LOCAL, KOHA] 0
Holdings
Permanent Location Date acquired Koha item type Lost status Shelving location Barcode Current Location Full call number
Library Block A2018-01-26សៀវភៅភាសាអង់គ្លេស A105A22884Library Block A639 REI 1962 A105 Or.
មជ្ឈមណ្ឌលឯការនៃសាកលវិទ្យាល័យភូមិន្ទកសិកម្មចំការដូង

Powered by Koha